| 000 | 00727nam a2200157Ia 4500 | ||
|---|---|---|---|
| 008 | 210716s2016 xx 000 0 und d | ||
| 020 | _a9781786467201 | ||
| 041 | _aeng | ||
| 082 | _a005.768 ESTR | ||
| 100 | _aEstrada, Raul. | ||
| 245 |
_aFast data processing systems with SMACK stack: combine the incredible powers of spark mesos akka cassandra and kafka to build data processing platforms that can take on even the hardest of your data troubles. _bCombine the incredible powers of spark mesos akka cassandra and kafka to build data processing platforms that can take on even the hardest of your data troubles. |
||
| 250 | _a1 | ||
| 260 |
_aMumbai _bPackt Publishing Ltd _c2016 |
||
| 300 | _axi,353 | ||
| 650 | _aNone | ||
| 999 |
_c196571 _d196571 |
||